00872 2200301 4500001002100000005001500021035002000036007000300056040001600059100002400075245007400099250001300173300004200186041000800228082001000236090002200246264004400268336002100312337003000333338002300363650002900386850001000415008004100425020002200466700004000488990002000528990002200548INLIS00000000000441720260525125050 a0010-0122000049ta aSBUPADbind0 aJuliandiePengarang1 aTrik Mengoptimalkan Windows XP /cJuliandi ; Editor, Muhammad Bambang a.-Cet. 1 aii,105 hal. :billus. ;c14,5 x 22 cm aind a005.3 a005.36 MAD r 1-11 a.--Bandung :bCipta Dea Pustaka,c2009. 2rdacontentaTeks 2rdamediaaTanpa Perantara 2rdacarrieravolume 4aTips Dan Trik Windows XP aPUPAD260525 0  a978-602-8797-32-00 aEditor, Muhammad BambangePengarang a091/S/KAPD/2012 a091 A/S/KAPD/2012